Os construtores do mundo (Registo nº 2108)

Detalhes MARC
000 -Etiqueta do registo
campo de controlo de comprimento fixo 006430000a22002050004500
001 - Identificador do registo
Campo de controlo 2108
100 ## - Dados Gerais de Proc.
Dados gerais de processamento 20010803d1959 m y0pory5003 ba
101 1# - Língua da publicação
Língua do texto, banda sonora, etc. Português
Língua do documento no original Alemão
102 ## - País de Publicação
País de publicação Portugal
200 1# - Título
Título próprio Os construtores do mundo
Informação de outro título Balzac, Dickens e Dostoiewsky
Primeira menção de responsabilidade Stefan Zweig
Outras menções de responsabilidade trad. Alice Ogando
205 ## - Menção da edição
Menção da edição 2ª ed
210 ## - Publicação, Distribuição
Lugar da edição, distribuição, etc. Porto
Nome do editor, distribuidor, etc. Civilização
Data da publicação, distribuição, etc. 1959
215 ## - Descrição física
Descrição física 243, [4] p
304 ## - Título e responsabilidade
Texto da nota Tít. orig. : Drei meister
675 ## - CDU
Notação 821.112.2(436)-94
Edição BN
Língua da edição Português
700 #1 - Responsabilidade principal
Palavra de ordem Zweig
Outra parte do nome Stefan
Datas 1881-1942
702 #1 - Responsabilidade secundária
Koha Internal Code 34372
Código de função Tradutor
Palavra de ordem Ogando
Outra parte do nome Alice
090 ## - Números de controlo do sistema (Koha)
Número biblioitem do Koha (gerado automaticamente) 2108
942 ## - Elementos de entrada adicionados (Koha)
Tipo de item no Koha Monografias
Suprimido Disponível no OPAC
999 ## - Campo local
Campo local 2108
-- Bibliobase - BMTAV
-- 2019-01-21
Exemplares
Perdido (estado) Data de aquisição Origem do registo (biblioteca) (codificado) Código da organização que empresta ou é detentora (biblioteca) Código de barras Local Fundo / Espólio Número de inventário Cota Tipo de circulação (não pode ser emprestado) Tipo de item e material
Disponível 2001-08-03 Biblioteca Municipal Álvaro de Campos Biblioteca Municipal Álvaro de Campos BMTAV11231 Depósito Martiniano Pereira dos Santos 11231 R7 ZWE-D Normal Monografias